All Asian Countries in their native Language - Statistics

General Stats
  • This quiz has been taken 47 times
  • The average score is 40 of 48
Answer Stats
Hint Answer % Correct
Qazaqstan Kazakhstan
100%
Singapura Singapore
100%
Afghaanistaan Afghanistan
97%
Azərbaycan Azerbaijan
97%
Bānlādēśa Bangladesh
97%
Brunei Brunei
97%
Kýpros/Kıbrıs Cyprus
97%
Indiya India
97%
Indonesia Indonesia
97%
Iran Iran
97%
Yisrael Israel
97%
Kırgızstan Kyrgyzstan
97%
Malaysia Malaysia
97%
Mongol Mongolia
97%
Myanmar Myanmar
97%
Nēpāla Nepal
97%
Pākistān Pakistan
97%
Pilipinas Philippines
97%
Qatar Qatar
97%
Śrī Lamkāva Sri Lanka
97%
Táiwān Taiwan
97%
Türkiye Turkey
97%
Türkmenistan Turkmenistan
97%
O'zbekiston Uzbekistan
97%
Việt Nam Vietnam
97%
Al Iraq Iraq
94%
Timor Leste Timor-Leste
94%
Nihon Japan
89%
Sooriya Syria
89%
Yemen Yemen
86%
Tocikoston Tajikistan
83%
Kampouchea Cambodia
81%
Zhōngguó China
81%
Lav Laos
78%
Lubnan Lebanon
78%
Albahrayn Bahrain
75%
Almamlakat Alearabiat Alsueudia Saudi Arabia
72%
Al'imarat United Arab Emirates
72%
Saltanat Euman Oman
69%
Daehangmingug South Korea
69%
Alkuayt Kuwait
61%
Hayastan Armenia
58%
Sakartvelo Georgia
53%
Al'urdun Jordan
50%
Dhivehi Raajje Maldives
50%
Druk Bhutan
47%
Pratheṣ̄thịy Thailand
36%
Bughan North Korea
25%
No matching quizzes found
Score Distribution
Percent of People with Each Score
Percentile by Number Answered
Your Score History
You have not taken this quiz